Svědomí liberála Amerika mezi bohatstvím a chudobou

Gespeichert in:
Bibliographische Detailangaben
1. Verfasser: Krugman, Paul
Format: Buch
Sprache:Tschechisch
Veröffentlicht: Praha Vyšehrad 2011
Schriftenreihe:Moderní dějiny
Schlagworte:
Tags: Tag hinzufügen
Keine Tags, Fügen Sie das erste Tag hinzu!

MARC

LEADER 00000nam a2200000 4500
001 0128590
005 20240226103231.2
020 |a 978-80-7429-068-8 
041 0 |a cze 
044 |a CZ 
245 1 0 |a Svědomí liberála  |b Amerika mezi bohatstvím a chudobou  |c Paul Krugman 
264 1 |a Praha  |b Vyšehrad  |c 2011 
300 |a 259 s. 
490 1 |a Moderní dějiny 
830 0 |a Moderní dějiny 
610 2 0 |a politika hospodárska 
610 2 0 |a kríza hospodárska 
610 2 0 |a bohatí 
610 2 0 |a chudobní 
610 2 0 |a nerovnosť sociálna 
610 2 0 |a problémy spoločenské 
610 2 0 |a analýza ekonomická 
610 2 0 |a vývoj hospodársky 
610 2 0 |a vývoj politický 
610 2 0 |a Amerika 
100 1 |a Krugman, Paul